Liczby Charona

Titel: Liczby Charona / Marek Krajewski
Verfasser:
Ausgabe: Wydanie I
Veröffentlicht: Kraków : Wydawnictwo Znak, 2011
Umfang: 301 Seiten
Format: Buch
Sprache: Polnisch
RVK-Notation:
Schlagworte:
ISBN: 9788324016112 ; 9788324016105
Buchumschlag
X
alg: 27427223
001A    $03019:06-09-11 
001B    $03004:31-01-25 $t11:38:14.000 
001C    $03019:06-09-11 $t12:21:01.000 
001D    $03019:06-09-11 
001U    $0utf8 
001X    $00 
002@    $0Aau 
002C    $aText $btxt $2rdacontent 
002D    $aohne Hilfsmittel zu benutzen $bn $2rdamedia 
002E    $aBand $bnc $2rdacarrier 
003@    $0274272237 
003O    $0729911033 $aOCoLC 
004A    $A978-83-240-1611-2 $fpbk 
004A    $A978-83-240-1610-5 $fhbk 
007A    $0274272237 $aHEB 
009P    $qapplication/pdf $A2 $3Inhaltsverzeichnis $uhttp://scans.hebis.de/HEBCGI/show.pl?27427223_toc.pdf $mV:DE-603;B:DE-26 
010@    $apol 
010E    $erda 
011@    $a2011 
013D    $71071854844 $8Fiktionale Darstellung [Ts1] $9359645615 
021A    $aLiczby Charona $hMarek Krajewski 
028A    $BVerfasser $#Krajevsʹkyj, Marek $4aut $7123920930 $8Krajewski, Marek$Z1966- [Tp1] $9154721433 
032@    $aWydanie I 
033A    $pKraków $nWydawnictwo Znak 
034D    $a301 Seiten 
044K    $#Lemberg $#Львів $#Leontopolis $#Leopolis $#Leopoli $#Léopol $#Lwów $#Lwow $#L'vov $#Lwiw $#L'viv $#Lʹviv vor 1919 $#Lviv $#Lvovas $74035304-7 $8Lemberg [Tg1] $9085095230 
044K    $74165725-1 $8Kriminalfall [Ts1] $9085743208 
045F    $a800 $eDDC23BSB 
045F/01 $a800 
045F/03 $g438 
045Z    $8KP 9920 [Tkv] $9409290092 

lok: 27427223 24

exp: 27427223 24 1 #EPN
201B/01 $024-01-25 $t08:18:30.000 
201C/01 $016-09-24 
201U/01 $0utf8 
203@/01 $01274572177 
208@/01 $a16-09-24 $bz 
209A/01 $a24.08750 $du $f050 $h24 08750 $x00 
209C/01 $a24.08750 G $h24 08750 G 
209G/01 $a74933777 $x00 
220C/01 $ahar 
247C/01 $8358050-7 Marburg, Bibliothek des Herder-Instituts Marburg $9102600961 

lok: 27427223 66
101B    $026-05-20 $t11:20:59.000 
101C    $026-05-20 
101U    $0utf8 
144Z/01 $aSeria o komisarzu Edwardzie Popielskim 

exp: 27427223 66 1 #EPN
201B/01 $026-05-20 $t11:20:59.000 
201C/01 $006-09-11 
201U/01 $0utf8 
203@/01 $0629184534 
208@/01 $a26-05-20 $bz 
209A/01 $aD 4 Kraj/P-2 $du $f000 $x00 
209C/01 $a11/h887 
247C/01 $8618123-5 Darmstadt, Bibliothek des Deutschen Polen-Instituts $9102600902 

lok: 27427223 204

exp: 27427223 204 1 #EPN
201B/01 $026-03-19 $t09:19:59.000 
201C/01 $012-09-18 
201U/01 $0utf8 
203@/01 $01029662312 
208@/01 $a12-09-18 $bzUB 
209A/01 $a000 KP 9920 K89 L711.2011 $du $f000 $x00 
209G/01 $a62476222 $x00 
245S/01 $a21000 $x01 
247C/01 $8631000-x <26>Gießen, Universität Gießen, Universitätsbibliothek Gießen $9102596697
LEADER 00000cam a2200000 c 4500
001 274272237
003 DE-603
005 20250131113814.0
007 tu
008 110906s2011 xx |||| | u00||u|pol c
020 |a 9788324016112  |c pbk 
020 |a 9788324016105  |c hbk 
035 |a (DE-599)HEB274272237 
035 |a (OCoLC)729911033 
040 |a DE-603  |b ger  |c DE-603  |d DE-603  |e rda 
041 |a pol 
082 0 4 |8 1\u  |a 800  |q DE-101  |2 23/BSB 
084 |a KP 9920  |0 (DE-625)81790:  |0 (DE-603)409290092  |2 rvk 
085 |8 1\u  |b 800 
085 |8 1\u  |z 2  |s 438 
100 1 |a Krajewski, Marek  |d 1966-  |e Verfasser  |4 aut  |0 (DE-603)154721433  |0 (DE-588)123920930  |2 gnd 
245 0 0 |a Liczby Charona  |c Marek Krajewski 
250 |a Wydanie I 
264 1 |a Kraków  |b Wydawnictwo Znak  |c 2011 
300 |a 301 Seiten 
336 |a Text  |b txt  |2 rdacontent 
337 |a ohne Hilfsmittel zu benutzen  |b n  |2 rdamedia 
338 |a Band  |b nc  |2 rdacarrier 
650 7 |a Kriminalfall  |0 (DE-588)4165725-1  |0 (DE-603)085743208  |2 gnd 
651 7 |a Lemberg  |0 (DE-588)4035304-7  |0 (DE-603)085095230  |2 gnd 
655 7 |a Fiktionale Darstellung  |2 gnd-content  |0 (DE-588)1071854844  |0 (DE-603)359645615 
856 4 2 |m V:DE-603;B:DE-26  |q application/pdf  |u http://scans.hebis.de/HEBCGI/show.pl?27427223_toc.pdf  |3 Inhaltsverzeichnis 
924 0 |9 Mb 50  |a (DE-603)1274572177  |b DE-Mb50  |c HES  |d c  |g 24.08750 
924 0 |9 Ds 123  |a (DE-603)629184534  |b DE-Ds123  |c HES  |d d  |g D 4 Kraj/P-2 
924 0 |9 26  |a (DE-603)1029662312  |b DE-26  |c HES  |d c  |g 000 KP 9920 K89 L711.2011